000 00580nam a22001937a 4500
003 0
005 20250318155523.0
008 250318b xxu||||| |||| 00| 0 eng d
020 _a978-621-427-179-5
050 _aHG 4523
_b.B35 2024
100 _aBairan, Bonifacio P.
245 _aCapital markets
_cBonifacio P. Bairan
260 _aManila
_bUnlimited Book Library Services & Publishing Inc.
_c2024
300 _axii, 492 pages ;
_c26cm.
500 _aOBE Approach.
504 _aIncludes bibliographical references.
650 _aCapital markets.
942 _2lcc
_cBK
999 _c367307
_d367307